[Event "RUS-ch (Women) 1st League 58th"]
[Site "Smolensk"]
[Date "2008.03.02"]
[Round "5"]
[White "Karibaeva, Elvira"]
[Black "Tsepeleva, T."]
[Result "0-1"]
[WhiteElo "2153"]
[BlackElo "2208"]
[PlyCount "154"]
[EventDate "2008.02.27"]
[EventType "swiss"]
[EventRounds "9"]
[EventCountry "RUS"]
[SourceTitle "CBM 123 Extra"]
[Source "ChessBase"]
[SourceDate "2008.05.06"]
[SourceVersion "1"]
[SourceVersionDate "2008.05.06"]
[SourceQuality "1"]

1. e4 e5 2. Nf3 Nf6 3. Nxe5 d6 4. Nf3 Nxe4 5. Nc3 Nxc3 6. dxc3 Be7 7. Bf4 Nd7 8. Qd2 Nc5 9. Bc4 Be6 10. Bxe6 Nxe6 11. Be3 d5 12. 0-0-0 c6 13. Nd4 Nxd4 14. Qxd4 0-0 15. h4 Bf6 16. Qg4 Re8 17. Bg5 Qc8 18. Qf3 Be5 19. h5 h6 20. Be3 Re6 21. g4 Rf6 22. Qg2 Bf4 23. Bxf4 Rxf4 24. Rd4 Rxd4 25. cxd4 Qe6 26. g5 Re8 27. Rg1 Qf5 28. gxh6 Qf4+ 29. Kb1 Qxh6 30. Qg4 Re6 31. a3 Qf6 32. f3 Kh7 33. Ka2 b5 34. Rg2 Re3 35. Rg3 a5 36. c3 b4 37. f4 Re4 38. axb4 axb4 39. h6 g6 40. Qc8 Rxf4 41. Qf8 bxc3 42. bxc3 Rf1 43. Kb3 Rb1+ 44. Ka2 Rb5 45. Rf3 Rb8 46. Rxf6 Rxf8 47. Rxc6 Rd8 48. Rc7 g5 49. Rxf7+ Kxh6 50. Kb3 Kg6 51. Ra7 Kf5 52. Rg7 Rc8 53. Rd7 Ke4 54. Rg7 Kd3 55. Rxg5 Rb8+ 56. Ka4 Kc4 57. Ka5 Rb3 58. Rg4 Rb5+ 59. Ka4 Rb1 60. Ka3 Kxc3 61. Ka2 Rb2+ 62. Ka1 Rd2 63. Kb1 Rd1+ 64. Ka2 Rxd4 65. Rg3+ Kc2 66. Rg2+ Rd2 67. Rg8 Kc3+ 68. Kb1 Rd1+ 69. Ka2 d4 70. Rc8+ Kd2 71. Kb2 Re1 72. Rh8 d3 73. Rh2+ Re2 74. Rh3 Kd1+ 75. Kc3 d2 76. Rh1+ Re1 77. Rh3 Kc1 0-1

[Event "RUS-ch (Women) 1st League 58th"]
[Site "Smolensk"]
[Date "2008.03.01"]
[Round "4"]
[White "Tsepeleva, T."]
[Black "Miloserdova, Irina"]
[Result "1/2-1/2"]
[WhiteElo "2208"]
[BlackElo "2015"]
[PlyCount "26"]
[EventDate "2008.02.27"]
[EventType "swiss"]
[EventRounds "9"]
[EventCountry "RUS"]
[SourceTitle "CBM 123 Extra"]
[Source "ChessBase"]
[SourceDate "2008.05.06"]
[SourceVersion "1"]
[SourceVersionDate "2008.05.06"]
[SourceQuality "1"]

1. e4 c5 2. Nf3 Nc6 3. d4 cxd4 4. Nxd4 e5 5. Nb5 a6 6. Nd6+ Bxd6 7. Qxd6 Qf6 8. Qxf6 Nxf6 9. Nc3 Nb4 10. Bd3 Nxd3+ 11. cxd3 h6 12. Be3 d6 13. d4 Bd7 1/2-1/2

[Event "RUS-ch (Women) 1st League 58th"]
[Site "Smolensk"]
[Date "2008.02.29"]
[Round "3"]
[White "Yakupova, Aysyla"]
[Black "Tsepeleva, T."]
[Result "1/2-1/2"]
[WhiteElo "2003"]
[BlackElo "2208"]
[PlyCount "51"]
[EventDate "2008.02.27"]
[EventType "swiss"]
[EventRounds "9"]
[EventCountry "RUS"]
[SourceTitle "CBM 123 Extra"]
[Source "ChessBase"]
[SourceDate "2008.05.06"]
[SourceVersion "1"]
[SourceVersionDate "2008.05.06"]
[SourceQuality "1"]

1. e4 e5 2. Nf3 Nc6 3. Bb5 d6 4. d4 Bd7 5. 0-0 exd4 6. Nxd4 g6 7. Nc3 Bg7 8. Be3 Nf6 9. f3 0-0 10. Re1 Re8 11. Bf1 a6 12. Qd2 Nxd4 13. Bxd4 Bc6 14. Rad1 Nd7 15. Bxg7 Kxg7 16. Bc4 Qf6 17. Bd5 Nb6 18. Bxc6 bxc6 19. Qd3 Qe5 20. b3 f6 21. Qd4 Qxd4+ 22. Rxd4 f5 23. Kf2 c5 24. Rdd1 fxe4 25. Nxe4 h6 26. c4 1/2-1/2

[Event "St Petersburg Rudenko Memorial (Women)"]
[Site "St Petersburg"]
[Date "1996.??.??"]
[Round "8"]
[White "Tsepeleva, T."]
[Black "Umanskaya, Irina"]
[Result "1-0"]
[WhiteElo "2145"]
[BlackElo "2320"]
[PlyCount "81"]
[EventDate "1996.??.??"]
[EventType "swiss"]
[EventRounds "9"]
[EventCountry "RUS"]
[SourceTitle "EXT 2000"]
[Source "ChessBase"]
[SourceDate "1999.11.16"]
[SourceVersion "1"]
[SourceVersionDate "1999.11.16"]
[SourceQuality "1"]

1. e4 c5 2. c3 Nf6 3. e5 Nd5 4. d4 cxd4 5. Nf3 d6 6. Bc4 e6 7. cxd4 Nc6 8. Qe2 Be7 9. 0-0 Nb6 10. Bb3 0-0 11. Nc3 dxe5 12. dxe5 Nd7 13. Bc2 Qa5 14. Re1 Re8 15. Qe4 g6 16. Bh6 Nb4 17. Bb1 Nc5 18. Qe3 Qa6 19. Ng5 Nbd3 20. b4 Nxe1 21. bxc5 Qc4 22. Nce4 Qd5 23. Qxe1 Qxe5 24. Bd3 f6 25. Nf3 Qh5 26. Bf4 e5 27. Bc4+ Kg7 28. Nxe5 Qf5 29. Nd3 Bd7 30. Ng3 Qg4 31. h3 Qh4 32. Qd2 g5 33. Ne1 gxf4 34. Nf3 Qh6 35. Qxd7 fxg3 36. Re1 gxf2+ 37. Kxf2 Kf8 38. Nd4 Qd2+ 39. Re2 Qc3 40. Rc2 Qa1 41. Qg4 1-0